000 00711pam a2200241 a 4500
008
020 _a9780443073342 (pbk)
049 _aMAIN
090 _aRB25.38
_bGEN
245 0 0 _aGeneral and systematic pathology /
_cedited by J.C.E. Underwood
250 _a4th ed.
260 _aEdinburgh :
_bChurchill Livingstone,
_c2004
300 _axi, 839 p. :
_bill. (some col.) ;
_c27 cm.
500 _aIncludes Index
504 _aIncludes bibliographical references.
650 0 _aPathology.
700 1 0 _aUnderwood, J. C. E
907 _a.b1027487x
_b26-03-13
_c04-03-10
003
005 20230120204027.0
040 _cNUST
942 _cBOOKS
_kRB25.38
_mGEN
999 _c115804
_d115804